Statistics for First Countries in Space

Click here to take the quiz!

General Stats

  • This quiz has been taken 199 times
    (164 since last reset)
  • The average score is 10 of 20

Answer Stats

DateFirst PersonFlightAnswer% Correct
April 12, 1961Yuri GagarinVostok 1Soviet Union
99%
May 5, 1961Alan ShepardMR-3United States
99%
June 24, 1982Jean-Loup ChrétienSoyuz T-6France
79%
November 28, 1983Ulf MerboldSTS-9West Germany
74%
October 5, 1984Marc GarneauSTS-41-GCanada
70%
April 3, 1984Rakesh SharmaSoyuz T-11India
69%
June 27, 1978Mirosław HermaszewskiSoyuz 30Poland
66%
November 26, 1985Rodolfo Neri VelaSTS-61-BMexico
59%
June 17, 1985Sultan al-SaudSTS-51-GSaudi Arabia
56%
May 14, 1981Dumitru PrunariuSoyuz 40Romania
48%
July 23, 1980Phạm TuânSoyuz 37Vietnam
42%
April 10, 1979Georgi IvanovSoyuz 33Bulgaria
41%
August 26, 1978Sigmund JähnSoyuz 31East Germany
39%
May 26, 1980Bertalan FarkasSoyuz 36Hungary
39%
October 30, 1985Wubbo OckelsSTS-61-ANetherlands
36%
March 2, 1978Vladimír RemekSoyuz 28Czechoslovakia
34%
August 29, 1988Abdul Ahad MohmandSoyuz TM-6Afghanistan
31%
March 22, 1981Jügderdemidiin GürragchaaSayuz 39Mongolia
23%
September 18, 1980Arnaldo Tamayo MéndezSoyuz 38Cuba
22%
July 22, 1987Muhammed FarisSoyuz TM-3Syria
18%

Score Distribution

Percentile by Number Answered

Percent of People with Each Score

Your Score History

You have not taken this quiz since the last reset